| 000 | 00735nam a2200241Ia 4500 | ||
|---|---|---|---|
| 001 | 2985 | ||
| 003 | GE_BSU | ||
| 008 | 181216s||||||||xx |||||||||||||| ||und|| | ||
| 020 | _a5895680410 | ||
| 040 | _cGE_BSU | ||
| 080 | _a336.717 | ||
| 100 | _aДжей К. Шим, Джоэл Г. Сигел. | ||
| 245 | _aФинансовый менеджмент | ||
| 245 | _bИздание второе, стереотипное. Financial Managment | ||
| 245 | _cпер. с англ. Н.Г. Франк, ред. О. В. Лужина. | ||
| 260 | _aМосква | ||
| 260 | _bФилинъ | ||
| 260 | _c1997 | ||
| 300 | _a400 с. 20 см. | ||
| 541 | _h7 л. 20 т. | ||
| 653 | _aФинансовый менеджмент | ||
| 942 | _cBK | ||
| 999 |
_c37031 _d37031 |
||